Zamestnávanie občanov z iných krajín EÚ

Zamestnávanie cudzincov na území SR. Špecifiká zamestnávania občanov EÚ na území SR. Sociálne a zdravotné poistenie, legislatíva EÚ.

Salvato in:
Dettagli Bibliografici
Autore principale: Mintál, Ján
Natura: Capitolo di libro
Lingua:slovacco
Soggetti:
Tags: Aggiungi Tag
Nessun Tag, puoi essere il primo ad aggiungerne!!

MARC

LEADER 00000naa$a2200000$$$4500
001 0108602
005 20231120083749.9
041 0 |a slo 
044 |a SK 
245 1 0 |a Zamestnávanie občanov z iných krajín EÚ  |c Ján Mintál 
520 |a Zamestnávanie cudzincov na území SR. Špecifiká zamestnávania občanov EÚ na území SR. Sociálne a zdravotné poistenie, legislatíva EÚ. 
610 2 0 |a cudzinci 
610 2 0 |a zamestnávanie cudzincov 
610 2 0 |a Slovensko 
610 2 0 |a legislatíva 
610 2 0 |a Európska únia 
100 1 |a Mintál, Ján